Θέματα απο την ιστορία των μαθηματικών : αιγυπτιακά, βαβυλωνιακά και ελληνικά μαθηματικά
Αποθηκεύτηκε σε:
| Κύριος συγγραφέας: | |
|---|---|
| Μορφή: | Βιβλίο |
| Γλώσσα: | Greek |
| Δημοσίευση: |
Ηράκλειο :
Πανεπιστημιακές Εκδόσεις Κρήτης,
2003.
|
| Σειρά: | Ιστορία και φιλοσοφία της επιστήμης
|
| Θέματα: | |
| Ετικέτες: |
Προσθήκη ετικέτας
Δεν υπάρχουν, Καταχωρήστε ετικέτα πρώτοι!
|
MARC
| LEADER | 00000cam a2200000 i 4500 | ||
|---|---|---|---|
| 001 | 1/46531 | ||
| 008 | 030923s2003 gr | ||| |||| ||gre|| | ||
| 020 | |a 9605241633 | ||
| 020 | |a 9789605241636 | ||
| 035 | |l 10071916 | ||
| 040 | |a GR-MyUa |b gre |e AACR2 | ||
| 041 | 0 | |a gre | |
| 082 | 7 | |a 510.93 |2 (22) | |
| 082 | 7 | |a 510.9 |2 (22) | |
| 100 | 1 | |a Χριστιανίδης, Γιάννης. | |
| 245 | 1 | 0 | |a Θέματα απο την ιστορία των μαθηματικών : |b αιγυπτιακά, βαβυλωνιακά και ελληνικά μαθηματικά / |c Γιάννης Χριστιανίδης. |
| 260 | |a Ηράκλειο : |b Πανεπιστημιακές Εκδόσεις Κρήτης, |c 2003. | ||
| 300 | |a xii, 194 σ. : |b εικ. ; |c 24 εκ. | ||
| 490 | 1 | |a (Ιστορία και φιλοσοφία της επιστήμης) | |
| 500 | |a Το δεύτερο αντίτυπο του παραρτήματος της Ρόδου είναι 3η έκδοση 2012. | ||
| 504 | |a Περιλαμβάνει βιβλιογραφίες και ευρετήριο. | ||
| 650 | 0 | |a Mathematics |x History. | |
| 650 | 0 | |a Mathematics, Egyptian. | |
| 650 | 0 | |a Mathematics, Babylonian. | |
| 650 | 0 | |a Mathematics, Greek. | |
| 830 | 0 | |a Ιστορία και φιλοσοφία της επιστήμης | |
| 852 | |a INST |b LESVOS |e 20080929 |h 510.93 ΧΡΙ |p 005100042934 |q 005100042934 |t BK |y 0 | ||
| 852 | |a INST |b LESVOS |e 20081218 |h 510.93 ΧΡΙ |p 005100044074 |q 005100044074 |t BK |y 0 | ||
| 852 | |a INST |b RHODES |e 20040112 |h 510.9 ΧΡΙ |p 005400019789 |q 005400019789 |t BK |y 0 | ||
| 852 | |a INST |b RHODES |c EUDOXUS |e 20130429 |h 510.9 ΧΡΙ |p 005400035149 |q 005400035149 |t EDX |y 0 | ||
| 852 | |a INST |b SAMOS |e 20030923 |h 510.9 ΧΡΙ |p 005300023863 |q 005300023863 |t BK |y 0 | ||
| 852 | |a INST |b SYROS |e 20050914 |h 510.93 ΧΡΙ |p 005500004083 |q 005500004083 |t BK |y 0 | ||
| 901 | |a BIBL5-2007-2 | ||
| 901 | |a BIBL4-2004-1 | ||
| 901 | |a BIBL3-2003-3 | ||
| 901 | |a BIBL1-2008-3 | ||
| 901 | |a BIBL4-2013-1 | ||
| 920 | |a Διεύρυνση |b ΕΠΕΑΕΚ-ΤΜΣΠΣ |y Σύρος |z 2004-10 | ||
| 920 | |a ΕΠΕΑΕΚ ΠΜΣ Διαχείριση Παράκτιων Περιοχών |y Λέσβος |z 2008-09 | ||
| 920 | |a Εύδοξος |b Παραγγελία |y Ρόδος-ΤΕΠΑΕΣ |z 2013-04 | ||
| 922 | |a 4ΕΛΗ |b 200310 |c ΕΠΕΑΕΚ2/ΤΕΠΑΕΣ |d Μιχαλόπουλος | ||
| 922 | |a 3ΕΛΗ |b 200308 |c Τμήμα Μαθηματικών |d Παπασωτηρίου | ||
| 922 | |a 1ΕΛΗ |b 200802 |c ΕΠΕΑΕΚ2/ΤΓ |d Σ. Πατάκης | ||
| 950 | |a 096-2003-10-08 | ||
| 950 | |a 116-2003-08-22 | ||
| 970 | |a Κοσιέρης |b Χρήστος |z 25/09/2003 | ||